Vývoj likvidity obchodných bánk v roku 2002 a 2003

Nový spôsob implementácie zámerov menovej politiky NBS. Vývoj likvidity obchodných bánk. Kumulatívny vplyv jednotlivých faktorov na likviditu bankového sektora. Súvislosti medzi použitím zdrojov z privatizácie a operáciami NBS. Zdroje a protiváha prílevu likvidity. Kumulatívny vplyv jednotlivých f...

Ausführliche Beschreibung

Gespeichert in:
Bibliographische Detailangaben
1. Verfasser: Siraňová, Soňa
Format: Buchkapitel
Sprache:Slowakisch
Schlagworte:
Tags: Tag hinzufügen
Keine Tags, Fügen Sie das erste Tag hinzu!

MARC

LEADER 00000naa$a2200000$$$4500
001 0001333
005 20230925123542.0
041 0 |a slo 
044 |a SK 
245 1 0 |a Vývoj likvidity obchodných bánk v roku 2002 a 2003  |c aut. Soňa Siraňová 
520 |a Nový spôsob implementácie zámerov menovej politiky NBS. Vývoj likvidity obchodných bánk. Kumulatívny vplyv jednotlivých faktorov na likviditu bankového sektora. Súvislosti medzi použitím zdrojov z privatizácie a operáciami NBS. Zdroje a protiváha prílevu likvidity. Kumulatívny vplyv jednotlivých faktorov na likviditu bankového sektora. 
610 2 0 |a banky obchodné 
610 2 0 |a likvidita 
610 2 0 |a trh finančný 
610 2 0 |a politika menová 
610 2 0 |a financie verejné 
610 2 0 |a Slovensko 
100 1 |a Siraňová, Soňa